| 000 | 00401nam a2200145Ia 4500 | ||
|---|---|---|---|
| 008 | 230917s9999||||xx |||||||||||||| ||und|| | ||
| 040 |
_e85636 _aMAIN |
||
| 041 | _aEnglish | ||
| 082 | _a658.5 H196I | ||
| 100 | _aHanna, Mark D | ||
| 245 | 0 | _aIntegrated operations management: Adding value for customers | |
| 260 |
_aNew Delhi _bPrentice-Hall of India _c2002 |
||
| 300 | _axxii, 753 p. | ||
| 942 | _cBK | ||
| 999 |
_c115087 _d115087 |
||